Statistics for Works of Literature by Picture

Click here to take the quiz!

General Stats

  • This quiz has been taken 604 times
  • The average score is 9 of 16

Answer Stats

Answer% Correct
Romeo and Juliet
94%
Moby Dick
90%
Animal Farm
87%
Alice's Adventures in Wonderland
86%
Lord of the Rings
85%
Frankenstein
70%
Huckleberry Finn
66%
A Christmas Carol
55%
Charlie and the Chocolate Factory
40%
Divine Comedy
40%
Lord of the Flies
34%
The Grapes of Wrath
34%
The Scarlet Letter
34%
The Little Prince
30%
Hamlet
27%
Nineteen Eighty-Four
23%

Score Distribution

Percentile by Number Answered

Percent of People with Each Score

Your Score History

You have not taken this quiz